Normal view MARC view
  • Businessman

Entry Topical Term

Number of records used in: 1

001 - CONTROL NUMBER

  • control field: 9217

003 - CONTROL NUMBER IDENTIFIER

  • control field: OSt

005 - DATE AND TIME OF LATEST TRANSACTION

  • control field: 20200914090917.0

008 - FIXED-LENGTH DATA ELEMENTS

  • fixed length control field: 200914|| aca||aabn | a|a d

040 ## - CATALOGING SOURCE

  • Original cataloging agency: OSt
  • Transcribing agency: OSt

150 ## - HEADING--TOPICAL TERM

  • Topical term or geographic name entry element: Businessman
  • Geographic subdivision: China
  • Form subdivision: Biography

670 ## - SOURCE DATA FOUND

  • Source citation: Work cat.: (OSt)0: Chen, Wei 1966- author. 9215, JACK MA :
Pusat Sumber Maklumat Dato' Haji Sarmin Md Hussin, Akademi Kastam Diraja Malaysia, Melaka
Tel: 06-2331106 | Faks: 06-2313787